EPIC The Musical : Storm - Statistiques

Statistiques générales
  • Ce quiz a été pris 39 fois
  • Le résultat moyen est 124 sur 184
Statistiques - réponses
Hint Réponse % Correct
a
100%
have
95%
Odysseus Have
95%
storm!
95%
| Crew Storm!
95%
storm
95%
Odysseus The
95%
the
95%
Odysseus & Eurylochus An
90%
for
90%
and
86%
Is
86%
is
86%
we
86%
do
81%
in
81%
In
81%
waves
81%
waves,
81%
Eurylochus | Odysseus We′re
81%
Odysseurs We're
81%
it
76%
no
76%
Our
76%
our
76%
Crew Sir!
76%
to
76%
Eurylochus What
76%
Eurylochus What?
76%
you
76%
be
71%
gonna
71%
grown
71%
island,
71%
island
71%
look!
71%
mind?
71%
or
71%
sky
71%
sky!
71%
This
71%
this
71%
tide
71%
tides
71%
blessing
67%
| Odysseus Brace
67%
Crew | Eurylochus Captain,
67%
disguise?
67%
divine,
67%
Odysseurs Everyone
67%
nature
67%
shoot
67%
There′s
67%
Odysseus These
67%
these
67%
As
62%
as
62%
can
62%
Comrades!
62%
die
62%
Odysseus Eurylochus,
62%
home
62%
size
62%
time
62%
too
62%
Odysseus We′ll
62%
alive
57%
Eurylochus At
57%
beat
57%
find
57%
grab
57%
high!
57%
many
57%
out
57%
survive!
57%
ahead
52%
before
52%
Crew Full
52%
harpoon
52%
harpoons
52%
home′s
52%
make
52%
my
52%
never
52%
rate,
52%
shooting
52%
speed
52%
storm's
52%
strength
52%
that
52%
we've
52%
won't
52%
damage
48%
fight
48%
final
48%
much
48%
must
48%
prevail
48%
seen
48%
sight
48%
so
48%
taking
48%
where
48%
aim
43%
but
43%
fail
43%
fleet
43%
follow
43%
I'll
43%
pushing
43%
ship,
43%
will
43%
avoid
38%
close,
38%
crashing
38%
ensure
38%
Odysseus Head
38%
keep
38%
of
38%
them
38%
then
38%
which
38%
capsize
33%
flat
33%
forward
33%
likes
33%
towards
33%
Odysseus With
33%
with
33%
saved
29%
Tread
29%
Aucun quiz correspondant
Distribution des résultats
% des personnes avec chaque résultat
Percentile par nombre de réponses
Votre historique - résultats
Vous n’avez pas pris ce quiz